The contractor's basis of valuation for rating purposes (Record no. 121663)
[ view plain ]
| 000 -LEADER | |
|---|---|
| fixed length control field | 01840cam a22002775a 4500 |
| 008 - FIXED-LENGTH DATA ELEMENTS--GENERAL INFORMATION | |
| fixed length control field | 170913s2023 xxk fo 000 0 eng d |
| 020 ## - INTERNATIONAL STANDARD BOOK NUMBER | |
| International Standard Book Number | 9781783211920 |
| 041 0# - LANGUAGE CODE | |
| Language code of text/sound track or separate title | eng |
| 110 2# - MAIN ENTRY--CORPORATE NAME | |
| Corporate name or jurisdiction name as entry element | Royal Institution of Chartered Surveyors |
| 9 (RLIN) | 4900 |
| 245 04 - TITLE STATEMENT | |
| Title | The contractor's basis of valuation for rating purposes |
| Medium | [electronic resource] |
| Statement of responsibility, etc. | [revised edition] |
| 250 ## - EDITION STATEMENT | |
| Edition statement | 2nd ed. version 2 |
| 260 ## - PUBLICATION, DISTRIBUTION, ETC. | |
| Place of publication, distribution, etc. | London, |
| Name of publisher, distributor, etc. | RICS, |
| Date of publication, distribution, etc. | 2023 |
| 300 ## - PHYSICAL DESCRIPTION | |
| Extent | 31p. |
| Dimensions | 30cm. |
| 490 #0 - SERIES STATEMENT | |
| Series statement | RICS Professional Standard |
| 520 ## - SUMMARY, ETC. | |
| Summary, etc. | Effective from 1 August 2017 to September 2023 |
| 520 ## - SUMMARY, ETC. | |
| Summary, etc. | Replaces the August 2017 version (note not a totally new edition and retains the same ISBN) includes some minor amendments from the 2017 version, such as removing the examples previously contained at 1.3, and revisions to appendices A and B to include updated decapitalisation rates and case law references respectively. |
| 520 ## - SUMMARY, ETC. | |
| Summary, etc. | Aids the understanding of the Contractor?s Basis for the general rating practitioner while providing a common framework of the basis for the more experienced practitioner. The Contractor?s Basis of valuation for rating purposes covers scope and application, the approach to valuation, stages of the valuation approach, and material change of circumstances. |
| 520 ## - SUMMARY, ETC. | |
| Summary, etc. | Supersedes 1st edition and original 2017 2nd edition. |
| 650 24 - SUBJECT ADDED ENTRY--TOPICAL TERM | |
| Topical term or geographic name entry element | RATING VALUATION |
| 651 #4 - SUBJECT ADDED ENTRY--GEOGRAPHIC NAME | |
| Geographic name | England and Wales |
| Chronological subdivision | 1543- |
| 690 ## - LOCAL SUBJECT ADDED ENTRY--TOPICAL TERM (OCLC, RLIN) | |
| Topical term or geographic name as entry element | PROPERTY-PROPERTY APPRAISAL AND VALUATION-TAXATION VALUATION |
| 710 2# - ADDED ENTRY--CORPORATE NAME | |
| Corporate name or jurisdiction name as entry element | Joint Professional Institutions' Rating Valuation Forum |
| 9 (RLIN) | 972 |
| 710 2# - ADDED ENTRY--CORPORATE NAME | |
| Corporate name or jurisdiction name as entry element | Joint Professional Institutions' Rating Valuation Forum |
| 9 (RLIN) | 972 |
| 856 41 - ELECTRONIC LOCATION AND ACCESS | |
| Uniform Resource Identifier | <a href="https://www.rics.org/content/dam/ricsglobal/documents/standards/Contractors%20basis%20of%20valuation%20for%20rating%20purposes_September%202023.pdf">https://www.rics.org/content/dam/ricsglobal/documents/standards/Contractors%20basis%20of%20valuation%20for%20rating%20purposes_September%202023.pdf</a> |
| Public note | Available on RICS.org |
| 942 ## - ADDED ENTRY ELEMENTS (KOHA) | |
| Suppress in OPAC | 0 |
| Source of classification or shelving scheme | Dewey Decimal Classification |
| Withdrawn status | Lost status | Source of classification or shelving scheme | Damaged status | Not for loan | Home library | Current library | Shelving location | Date acquired | Total Checkouts | Full call number | Date last seen | Price effective from | Koha item type |
|---|---|---|---|---|---|---|---|---|---|---|---|---|---|
| Dewey Decimal Classification | Virtual | Virtual | Online | 11/09/2023 | ONLINE PUBLICATION | 11/09/2023 | 11/09/2023 | Online material |